Useimmin arvatut kaupungit valtioittain #2 - Statistics

Yleistilastot
  • Tätä visaa on pelattu 617 kertaa
  • Keskiarvotulos 23 / 40
Vastaustilastot
Valtio % Kaupunki % Oikein
Yhdysvallat 100 New York
98%
Norja 100 Oslo
96%
Italia 99 Rooma
96%
Ukraina 100 Kiova
93%
Australia 99 Sydney
90%
Meksiko 100 México
89%
Kiina 98 Peking
89%
Yhdysvallat 94 Los Angeles
87%
Italia 93 Milano
81%
Sveitsi 98 Bern
80%
Kiina 92 Shanghai
78%
Yhdysvallat 84 Washington DC
78%
Australia 85 Canberra
74%
Italia 87 Napoli
74%
Yhdysvallat 82 Miami
69%
Australia 85 Melbourne
67%
Yhdysvallat 82 Chicago
64%
Italia 80 Venetsia
63%
Norja 85 Bergen
62%
Sveitsi 85 Zürich
58%
Kiina 78 Hongkong
56%
Italia 75 Torino
55%
Norja 68 Trondheim
49%
Australia 76 Perth
48%
Ukraina 87 Odessa
47%
Ukraina 94 Harkova
41%
Kiina 75 Wuhan
39%
Sveitsi 78 Geneve
38%
Australia 63 Brisbane
34%
Kiina 72 Kanton
34%
Ukraina 78 Lviv
34%
Sveitsi 53 Basel
29%
Ukraina 70 Donetsk
28%
Meksiko 67 Guadalajara
27%
Norja 51 Stavanger
25%
Sveitsi 52 Lausanne
23%
Meksiko 60 Monterrey
22%
Meksiko 47 Tijuana
20%
Norja 35 Kristiansand
13%
Meksiko 33 Chihuahua / Léon
11%
Ehtoja vastaavia visoja ei löytynyt
Tulosjakauma
Jokaisen tuloksen saaneiden osuus
Persentiili vastausten määrän mukaan
Tuloshistoriasi
Et ole pelannut tätä visaa